Giáo trình mỹ học Mác-Lênin

שמור ב:
מידע ביבליוגרפי
מחבר ראשי: Đỗ Huy
פורמט: ספר
שפה:Undetermined
יצא לאור: Hà Nội Chính trị Quốc gia 2003
נושאים:
תגים: הוספת תג
אין תגיות, היה/י הראשונ/ה לתייג את הרשומה!
Thư viện lưu trữ: Trung tâm Học liệu Trường Đại học Cần Thơ
LEADER 00551nam a2200193Ia 4500
001 CTU_73803
008 210402s9999 xx 000 0 und d
020 |b 42000 
082 |a 111.85 
082 |b H523 
100 |a Đỗ Huy 
245 0 |a Giáo trình mỹ học Mác-Lênin 
245 0 |c Đỗ Huy, Vũ Trọng Dung 
260 |a Hà Nội 
260 |b Chính trị Quốc gia 
260 |c 2003 
650 |a aesthetics,communism and literature 
904 |i Mai Loan 
980 |a Trung tâm Học liệu Trường Đại học Cần Thơ